Estadísticas para Países Insulares en el Océano Atlántico

Haz click aquí para intentar la prueba.

Estadísticas generales

  • Esta prueba ha sido intentada 2.573 veces
  • La puntuación promedio es 18 de 20

Estadísticas de respuestas

km2País% Correcto
109,884Cuba
97%
27,750Haití
96%
48,671República Dominicana
95%
10,991Jamaica
94%
13,943Bahamas
93%
70,273Islandia
93%
242,900Reino Unido
93%
103,000Irlanda
92%
4,033Cabo Verde
90%
616Santa Lucía
90%
389San Vicente y las
Granadinas
90%
5,130Trinidad y Tobago
90%
442Antigua y Barbuda
89%
430Barbados
89%
751Dominica
89%
344Granada
89%
261San Cristóbal y Nieves
87%
965Santo Tomé y Príncipe
84%
316Malta
70%
9,251Chipre
69%

Distribución de puntuación

Porcentaje por número respondido

Porcentaje de gente con cada puntuación

Historial de tus puntuaciones

No has intentado esta prueba.